000 00636nam a2200193Ia 4500
008 151121s9999||||xx |||||||||||||| ||und||
082 _a813/किणीक
082 _bHNW-18769
100 _aकिणीकर रॉय
245 _aरम्य ते बालपण
260 _bपरचुरे प्रकाशन मंदिर गिरगांव-मुंबई
260 _c--
300 _a179
600 _aकिणीकर रॉय
630 _aरम्य ते बालपण
700 _aकिणीकर रॉय
730 _aरम्य ते बालपण
942 _cBOOK
999 _c1220574
_d1220571